[Event "BL 8081 Markth'feld-Katernberg"]
[Site "?"]
[Date "1981.??.??"]
[Round "?.2"]
[White "Rosen, W."]
[Black "Meinberger, L."]
[Result "0-1"]
[WhiteElo "2310"]
[BlackElo "2230"]
[PlyCount "74"]
[EventDate "1981.??.??"]

1. e4 c5 2. Nf3 e6 3. d4 cxd4 4. Nxd4 a6 5. Nc3 Qc7 6. Bd3 Bb4 7. O-O Nf6 8.
Bd2 Bd6 9. Kh1 Nc6 10. Nxc6 dxc6 11. f4 e5 12. f5 b5 13. Qf3 Bb7 14. a4 Rd8 15.
Nd1 Qe7 16. Bg5 Bc5 17. Ne3 h5 18. Rad1 Qc7 19. Be2 Rd4 20. Bxf6 gxf6 21. axb5
axb5 22. c3 Rxd1 23. Rxd1 Ke7 24. Nc2 h4 25. h3 Rd8 26. Rxd8 Qxd8 27. Qd3 Qg8
28. b4 Bb6 29. Ne3 Qg5 30. Ng4 Qf4 31. c4 Qc1+ 32. Bf1 Bd4 33. Nh2 c5 34. cxb5
cxb4 35. Nf3 Bxe4 36. Qxe4 Qxf1+ 37. Kh2 Bf2 0-1

[Event "BL 8081 Erlangen-Solingen"]
[Site "?"]
[Date "1981.??.??"]
[Round "?.1"]
[White "Feustel, B."]
[Black "Spassky, B."]
[Result "1/2-1/2"]
[WhiteElo "2355"]
[BlackElo "2635"]
[PlyCount "101"]
[EventDate "1981.??.??"]

1. Nf3 d5 2. c4 e6 3. b3 Nf6 4. g3 Be7 5. Bg2 c5 6. O-O Nc6 7. d3 O-O 8. Na3
Bd7 9. e3 Qb8 10. Bb2 Rd8 11. Qe2 Be8 12. Rac1 a6 13. Nb1 b6 14. Rfd1 Ra7 15.
Nbd2 Nb4 16. Be5 Qc8 17. a3 Nc6 18. Bb2 Qb8 19. h3 h6 20. Nh2 dxc4 21. Nxc4 b5
22. Nd2 Ne5 23. d4 cxd4 24. Bxd4 Rad7 25. b4 Nd5 26. f4 Ng6 27. Nb3 Rc7 28. Ng4
Nb6 29. h4 f6 30. Nc5 Qc8 31. Bh3 Bf7 32. Nf2 Nc4 33. a4 Bxc5 34. Bxc5 Ne7 35.
axb5 axb5 36. Nd3 Nf5 37. Kh2 h5 38. e4 Nh6 39. Nb2 Nxb2 40. Qxb2 Rcd7 41. Qe2
Qb7 42. Bf1 Ng4+ 43. Kg1 Rxd1 44. Rxd1 Rxd1 45. Qxd1 Bg6 46. Qd3 Bxe4 47. Qxb5
Qa8 48. Bd6 Qa7+ 49. Bc5 Qa8 50. Bd6 Qa7+ 51. Bc5 1/2-1/2

[Event "BL 8081 Erlangen-Solingen"]
[Site "?"]
[Date "1981.??.??"]
[Round "?.5"]
[White "Stoll, J."]
[Black "Lehmann, H."]
[Result "0-1"]
[WhiteElo "2245"]
[BlackElo "2345"]
[PlyCount "158"]
[EventDate "1981.??.??"]

1. c4 Nf6 2. d4 g6 3. Nc3 d5 4. Bg5 Ne4 5. Bf4 Nxc3 6. bxc3 Bg7 7. Qa4+ Bd7 8.
Qa5 c6 9. Qxd8+ Kxd8 10. e3 Be6 11. Nf3 f6 12. cxd5 Bxd5 13. c4 Bxf3 14. gxf3
e5 15. dxe5 fxe5 16. Bg5+ Kc7 17. Rd1 Re8 18. Bh3 h6 19. Bh4 g5 20. Bg3 Re7 21.
Bf5 Nd7 22. h4 Nf6 23. Rg1 Rf8 24. Bg6 Nd7 25. Ke2 Rf6 26. Bh5 Rd6 27. Bh2 Bf6
28. hxg5 hxg5 29. Bg4 Rxd1 30. Rxd1 Nc5 31. Bg3 Re8 32. Rh1 Rh8 33. Rxh8 Bxh8
34. f4 gxf4 35. exf4 Ne4 36. Bh2 Kd6 37. Ke3 Nc3 38. fxe5+ Bxe5 39. f4 Bf6 40.
a3 a5 41. Bc8 b6 42. Kd3 Na4 43. f5+ Be5 44. Bxe5+ Kxe5 45. f6 Kxf6 46. Kd4 Nc5
47. Bh3 Ke7 48. Ke5 Nd7+ 49. Kd4 Kd6 50. Bg2 Nc5 51. Bf3 Ne6+ 52. Kc3 Kc5 53.
Bg4 Nf4 54. Bf3 Ng6 55. Bh5 Ne5 56. Be2 Nf7 57. Bf1 Ng5 58. Bg2 Kd6 59. Kd3 c5
60. Ke3 Ke5 61. a4 Nf7 62. Bf1 Nh6 63. Bh3 Ng8 64. Bg2 Ne7 65. Be4 Nc8 66. Bh7
Nd6 67. Bd3 Nf7 68. Bf1 Nd8 69. Bg2 Ne6 70. Bd5 Nf4 71. Bf3 Ng6 72. Bg2 Kd6 73.
Be4 Ne5 74. Bd5 Ng4+ 75. Kf4 Nf2 76. Be4 Nh3+ 77. Kf5 Ng1 78. Bd3 Nf3 79. Kf4
Nd4 {Schiedsrichterentscheidung} 0-1

[Event "BL 8081 Delmenhorst-Bamberg"]
[Site "?"]
[Date "1981.??.??"]
[Round "?.1"]
[White "Franke, R."]
[Black "Podzielny, K."]
[Result "1-0"]
[WhiteElo "2290"]
[BlackElo "2385"]
[PlyCount "67"]
[EventDate "1981.??.??"]

1. Nf3 Nf6 2. g3 g6 3. Bg2 Bg7 4. c4 O-O 5. O-O d6 6. Nc3 e5 7. d4 Nbd7 8. e4
c6 9. Be3 Qa5 10. h3 Qb4 11. Qb3 a5 12. dxe5 dxe5 13. Rfd1 Re8 14. Ne1 Bf8 15.
Nd3 Qxb3 16. axb3 Ra6 17. Na4 b6 18. c5 b5 19. Nb6 Nxb6 20. cxb6 Nd7 21. Rdc1
Re6 22. b4 Nxb6 23. Bxb6 Rxb6 24. bxa5 Rb8 25. h4 f6 26. Bh3 Rd6 27. Bxc8 Rxc8
28. Nb4 c5 29. a6 Ra8 30. a7 cxb4 31. Rc7 Rdd8 32. Ra6 Re8 33. Rb6 Re7 34. Rxe7
1-0

[Event "BL 8081 Delmenhorst-Bamberg"]
[Site "?"]
[Date "1981.??.??"]
[Round "?.2"]
[White "Kestler, H."]
[Black "Meyer, CD."]
[Result "1/2-1/2"]
[WhiteElo "2385"]
[BlackElo "2250"]
[PlyCount "74"]
[EventDate "1981.??.??"]

1. c4 Nf6 2. Nf3 d6 3. Nc3 g6 4. g3 Bg7 5. Bg2 O-O 6. O-O e5 7. d3 Nbd7 8. Bd2
a5 9. Qc1 Re8 10. Bh6 Bh8 11. Bg5 c6 12. Ne4 Qc7 13. Nfd2 Nxe4 14. Nxe4 f5 15.
Nc3 Nc5 16. Bd2 Be6 17. Qc2 Bg7 18. Rab1 Bf7 19. b3 Qe7 20. a3 e4 21. dxe4 Nxe4
22. Nxe4 fxe4 23. Bc3 Bxc3 24. Qxc3 Qe5 25. Rfc1 Rad8 26. e3 Qxc3 27. Rxc3 d5
28. cxd5 Rxd5 29. Bf1 Rd2 30. Bc4 Bd5 31. Bxd5+ cxd5 32. Rc5 d4 33. exd4 e3 34.
fxe3 Rxe3 35. Re5 Rc3 36. Rc5 Re3 37. Re5 Rc3 1/2-1/2

[Event "BL 8081 Delmenhorst-Bamberg"]
[Site "?"]
[Date "1981.??.??"]
[Round "?.3"]
[White "Juhnke, K."]
[Black "Treppner, G."]
[Result "1/2-1/2"]
[WhiteElo "2305"]
[BlackElo "2280"]
[PlyCount "36"]
[EventDate "1981.??.??"]

1. d4 d6 2. Nf3 g6 3. c4 Bg7 4. Nc3 Nf6 5. e4 O-O 6. Be2 Nbd7 7. O-O e5 8. Re1
c6 9. Bf1 Ng4 10. h3 exd4 11. Nxd4 Qb6 12. hxg4 Bxd4 13. Be3 Bxe3 14. Rxe3 Qc5
15. Rg3 Nf6 16. Be2 Qe5 17. Qd3 g5 18. Rd1 Rd8 1/2-1/2

[Event "BL 8081 Delmenhorst-Bamberg"]
[Site "?"]
[Date "1981.??.??"]
[Round "?.4"]
[White "Hartmann, Wo"]
[Black "Dornieden, M."]
[Result "0-1"]
[WhiteElo "2240"]
[BlackElo "2320"]
[PlyCount "102"]
[EventDate "1981.??.??"]

1. e4 g6 2. d4 Bg7 3. Nc3 d6 4. f4 Nc6 5. Be3 Nf6 6. Nf3 O-O 7. Qd2 e5 8. O-O-O
exd4 9. Nxd4 Re8 10. Nxc6 bxc6 11. e5 Nd5 12. Nxd5 cxd5 13. Bb5 Bd7 14. Qxd5
Bxb5 15. Qxb5 Qe7 16. Bd4 dxe5 17. Rhe1 e4 18. Bxg7 Kxg7 19. Qa4 Rab8 20. Rd7
Qe6 21. Qd4+ Kg8 22. Kb1 e3 23. Rd5 Rb4 24. c4 Qe4+ 25. Qxe4 Rxe4 26. g3 Rbxc4
27. Rd3 e2 28. Rd2 f5 29. Rdxe2 Kf7 30. b3 Rcd4 31. Kc2 Ke6 32. Rxe4+ fxe4 33.
Re3 c5 34. Rc3 Kd5 35. Re3 Rb4 36. Kc3 a5 37. Re2 Rd4 38. Kc2 c4 39. Re3 cxb3+
40. axb3 a4 41. Re2 axb3+ 42. Kxb3 Rd3+ 43. Kc2 Kd4 44. Rd2 Ke3 45. Rxd3+ exd3+
46. Kd1 h5 47. h3 Kf3 48. g4 hxg4 49. hxg4 Kxg4 50. Kd2 Kxf4 51. Kxd3 Kf3 0-1

[Event "BL 8081 Wilmersdorf-Bayern"]
[Site "?"]
[Date "1981.??.??"]
[Round "?.1"]
[White "Lieb, H."]
[Black "Westermeier, A."]
[Result "1-0"]
[WhiteElo "2285"]
[BlackElo "2305"]
[PlyCount "119"]
[EventDate "1981.??.??"]

1. d4 Nf6 2. c4 e6 3. Nf3 d5 4. Nc3 Nbd7 5. cxd5 exd5 6. Bg5 Be7 7. e3 O-O 8.
Bd3 Re8 9. Qc2 c6 10. O-O Nf8 11. a3 a5 12. h3 Ne4 13. Bxe7 Qxe7 14. Bxe4 dxe4
15. Nd2 Bf5 16. f4 h5 17. Na4 Nd7 18. Rac1 Qh4 19. Rf2 Re6 20. Nc5 Rg6 21. Nxd7
Bxd7 22. f5 Rg5 23. Qxe4 Qxe4 24. Nxe4 Rxf5 25. Rxf5 Bxf5 26. Nd6 Be6 27. Rc5
a4 28. Rxh5 b6 29. Ne4 f6 30. Nc3 g6 31. Rh4 g5 32. Re4 Kf7 33. d5 Bxd5 34.
Rxa4 Rxa4 35. Nxa4 b5 36. Nc3 Bc4 37. Kf2 Ke6 38. b4 Ke5 39. g3 Bd3 40. Kf3 Bg6
41. h4 gxh4 42. gxh4 Bh5+ 43. Kg3 Kf5 44. Kf2 Ke5 45. Ke1 Bg6 46. Kd2 Bh7 47.
h5 f5 48. Ne2 Ke4 49. Nf4 Bg8 50. Ke2 Ke5 51. Ng6+ Kf6 52. Kd3 Bf7 53. Nf4 Kg5
54. Kd4 Bxh5 55. Nxh5 Kxh5 56. Ke5 Kg6 57. Ke6 Kg5 58. Kf7 Kh5 59. Kf6 Kg4 60.
Kg6 1-0

[Event "BL 8081 Wilmersdorf-Bayern"]
[Site "?"]
[Date "1981.??.??"]
[Round "?.3"]
[White "Bilek, M."]
[Black "Klundt, K."]
[Result "1-0"]
[WhiteElo "2225"]
[BlackElo "2405"]
[PlyCount "81"]
[EventDate "1981.??.??"]

1. d4 Nf6 2. Nf3 g6 3. c4 Bg7 4. Nc3 O-O 5. Bg5 h6 6. Bh4 d6 7. e3 Nbd7 8. Be2
b6 9. d5 Bb7 10. Nd4 Re8 11. Qc2 Nc5 12. b4 e5 13. Nc6 Bxc6 14. dxc6 Ne6 15.
Bxf6 Bxf6 16. Rd1 Bg7 17. Bf3 a5 18. b5 Nc5 19. Bd5 e4 20. O-O Qe7 21. f3 Qg5
22. f4 Qf5 23. Ne2 Re7 24. Ng3 Qf6 25. f5 g5 26. Rd4 Re5 27. Nh5 Qd8 28. Nxg7
Kxg7 29. f6+ Kg8 30. Qe2 Qf8 31. Qh5 Ne6 32. Bxe6 Rxe6 33. Rd5 Re5 34. Rxe5
dxe5 35. Rd1 Rd8 36. Rf1 Rd6 37. h4 gxh4 38. Qxh4 Kh8 39. Rf5 Rd1+ 40. Kh2 Rd2
41. Rxe5 1-0

[Event "BL 8081 Bamberg-Wilmersdorf"]
[Site "?"]
[Date "1981.??.??"]
[Round "?.2"]
[White "Teschner, R."]
[Black "Kestler, H."]
[Result "1/2-1/2"]
[WhiteElo "2415"]
[BlackElo "2385"]
[PlyCount "40"]
[EventDate "1981.??.??"]

1. d4 Nf6 2. Nf3 g6 3. c4 Bg7 4. Nc3 O-O 5. e4 d6 6. Be2 e5 7. O-O Nbd7 8. Re1
Re8 9. Bf1 a5 10. Rb1 c6 11. b3 exd4 12. Nxd4 Nc5 13. f3 Nfd7 14. Be3 Qe7 15.
Qd2 Ne5 16. Rbd1 f6 17. Kh1 Bf8 18. Bh6 Bxh6 19. Qxh6 Bd7 20. Qd2 Nf7 1/2-1/2

[Event "BL 8081 Bamberg-Wilmersdorf"]
[Site "?"]
[Date "1981.??.??"]
[Round "?.3"]
[White "Treppner, G."]
[Black "Bilek, M."]
[Result "1/2-1/2"]
[WhiteElo "2280"]
[BlackElo "2225"]
[PlyCount "34"]
[EventDate "1981.??.??"]

1. Nf3 Nf6 2. c4 c5 3. Nc3 d5 4. cxd5 Nxd5 5. g3 Nc6 6. Bg2 Nc7 7. d3 e5 8. Be3
Be7 9. Rc1 Bd7 10. Nd2 O-O 11. O-O Rc8 12. Nc4 f6 13. a4 b6 14. f4 exf4 15.
Bxf4 Ne6 16. Bd6 Ned4 17. Bxe7 Nxe7 1/2-1/2

[Event "BL 8081 Bayern-Delmenhorst"]
[Site "?"]
[Date "1981.??.??"]
[Round "?.1"]
[White "Westermeier, A."]
[Black "Franke, R."]
[Result "0-1"]
[WhiteElo "2305"]
[BlackElo "2290"]
[PlyCount "60"]
[EventDate "1981.??.??"]

1. e4 c5 2. Nf3 g6 3. d4 Bg7 4. Nc3 cxd4 5. Nxd4 Nc6 6. Be3 Nf6 7. Be2 O-O 8.
f4 d6 9. Nb3 Be6 10. g4 Na5 11. f5 Bc4 12. e5 Nd7 13. f6 exf6 14. exd6 Re8 15.
Nxa5 Qxa5 16. Qd2 Bxe2 17. Nxe2 Qe5 18. Bf4 Qe6 19. Rg1 Rac8 20. Rg3 Qe4 21.
Kd1 f5 22. Qd3 Qh1+ 23. Rg1 Qc6 24. gxf5 Nc5 25. Qd2 Ne4 26. d7 Nxd2 27.
dxe8=Q+ Rxe8 28. Bxd2 Qf3 29. Re1 Rd8 30. Kc1 Rxd2 0-1

[Event "BL 8081 Bayern-Delmenhorst"]
[Site "?"]
[Date "1981.??.??"]
[Round "?.2"]
[White "Meyer, CD."]
[Black "Saacke, B."]
[Result "0-1"]
[WhiteElo "2250"]
[BlackElo "2355"]
[PlyCount "82"]
[EventDate "1981.??.??"]

1. e4 e6 2. d4 d5 3. e5 c5 4. c3 Qb6 5. Nf3 Bd7 6. Be2 Nc6 7. O-O Nh6 8. dxc5
Bxc5 9. b4 Be7 10. Bf4 f6 11. h3 Nf7 12. Be3 Qc7 13. exf6 Bxf6 14. Na3 O-O 15.
Rc1 Rad8 16. Qb3 Kh8 17. Rfd1 Nfe5 18. Nd4 Qb8 19. Nxc6 Nxc6 20. b5 Ne7 21. c4
dxc4 22. Nxc4 b6 23. Bf3 Nf5 24. Rd3 e5 25. Rcd1 Nd4 26. Bxd4 exd4 27. Re1 Qf4
28. Rdd1 Bf5 29. g3 Qh6 30. g4 Bg6 31. Bg2 Bh4 32. Rf1 Qf4 33. Rde1 d3 34. Ne5
Bxf2+ 35. Kh1 Qg3 36. Nxg6+ hxg6 37. Rd1 Qe3 38. Qc4 d2 39. Qc6 Kh7 40. Qe4 Qg3
41. Qe7 Bc5 0-1

[Event "BL 8081 Bayern-Delmenhorst"]
[Site "?"]
[Date "1981.??.??"]
[Round "?.3"]
[White "Klundt, K."]
[Black "Juhnke, K."]
[Result "1/2-1/2"]
[WhiteElo "2405"]
[BlackElo "2305"]
[PlyCount "44"]
[EventDate "1981.??.??"]

1. e4 c5 2. Nf3 d6 3. d4 cxd4 4. Nxd4 Nf6 5. Nc3 a6 6. f4 Qc7 7. a4 g6 8. Be2
Bg7 9. O-O Nc6 10. Be3 O-O 11. Qd2 Bd7 12. Nb3 Na5 13. Nxa5 Qxa5 14. Bf3 Bc6
15. Rad1 Qc7 16. g4 Rfd8 17. g5 Nd7 18. Bg2 b5 19. axb5 axb5 20. Qf2 b4 21. Nd5
Bxd5 22. Rxd5 Ra2 1/2-1/2

[Event "BL 8081 Bayern-Delmenhorst"]
[Site "?"]
[Date "1981.??.??"]
[Round "?.4"]
[White "Dornieden, M."]
[Black "Kindermann, S."]
[Result "1-0"]
[WhiteElo "2320"]
[BlackElo "2455"]
[PlyCount "101"]
[EventDate "1981.??.??"]

1. Nf3 Nf6 2. c4 g6 3. b3 Bg7 4. Bb2 O-O 5. g3 d6 6. Bg2 e5 7. O-O Nbd7 8. Nc3
c6 9. Rc1 Re8 10. e3 Nf8 11. h3 a6 12. Kh2 Rb8 13. d4 e4 14. Ng1 h5 15. Qd2 Bf5
16. a4 c5 17. Nge2 Ne6 18. Nd5 b6 19. Nef4 Nxd5 20. Nxd5 Ng5 21. dxc5 bxc5 22.
Bxg7 Kxg7 23. Qc3+ Re5 24. Rcd1 Nf3+ 25. Bxf3 exf3 26. Nf4 Kg8 27. Rd5 Qe7 28.
Rfd1 g5 29. Nxh5 Bg6 30. g4 Bxh5 31. gxh5 g4 32. Rxe5 dxe5 33. Rg1 f5 34. e4
Rd8 35. Qxf3 Kh8 36. Qxf5 Rf8 37. Qxg4 Rxf2+ 38. Rg2 Qf7 39. h6 Qf4+ 40. Qxf4
Rxf4 41. Rg4 Rf2+ 42. Kg3 Rb2 43. Rg5 Rxb3+ 44. Kg4 Rb4 45. Rxe5 Rxc4 46. Kg5
Rc1 47. Re8+ Kh7 48. Re7+ Kh8 49. Rc7 c4 50. h7 Rh1 51. Kg6 1-0

[Event "BL 8081 Bochum-Mainz"]
[Site "?"]
[Date "1981.??.??"]
[Round "?.1"]
[White "Borik, O."]
[Black "Werner, D."]
[Result "1-0"]
[WhiteElo "2390"]
[BlackElo "2345"]
[PlyCount "43"]
[EventDate "1981.??.??"]

1. e4 d5 2. exd5 Nf6 3. c4 c6 4. Nc3 cxd5 5. cxd5 Nxd5 6. Nf3 Nc6 7. d4 e6 8.
Bd3 Be7 9. O-O O-O 10. Re1 Nf6 11. a3 b6 12. Bc2 Bb7 13. Qd3 Re8 14. d5 exd5
15. Bg5 Ne4 16. Nxe4 dxe4 17. Qxe4 g6 18. Qh4 Qc7 19. Bb3 h5 20. Bf6 Bc5 21.
Qg5 Kh7 22. Bc2 1-0

[Event "BL 8081 Bochum-Mainz"]
[Site "?"]
[Date "1981.??.??"]
[Round "?.5"]
[White "Ackermann, H."]
[Black "Bockius, A."]
[Result "0-1"]
[WhiteElo "2275"]
[BlackElo "2235"]
[PlyCount "100"]
[EventDate "1981.??.??"]

1. e4 e6 2. Nc3 d5 3. Nf3 Nf6 4. e5 Nfd7 5. d4 Be7 6. h4 c5 7. dxc5 Nc6 8. Bf4
Nxc5 9. a3 f6 10. b4 Ne4 11. Nxe4 dxe4 12. Qxd8+ Bxd8 13. Nd2 f5 14. Nc4 O-O
15. O-O-O h6 16. Rh3 Ne7 17. Bd2 b5 18. Nd6 a6 19. c4 Ng6 20. cxb5 axb5 21.
Bxb5 Nxe5 22. Bc3 Bf6 23. Bxe5 Bxe5 24. Nc4 Bf4+ 25. Kb2 Bb7 26. Rd7 Bd5 27. g3
Bb8 28. Kb3 Ba7 29. Rh2 f4 30. g4 f3 31. Rxd5 exd5 32. Nd2 Rac8 33. Bd7 Rcd8
34. Be6+ Kh8 35. a4 Bxf2 36. Rxf2 e3 37. Rxf3 Rxf3 38. Nxf3 d4 39. Kc2 d3+ 40.
Kd1 Rf8 41. Bf5 g6 42. Bxd3 Rxf3 43. Ke2 Rf4 44. a5 Rxb4 45. Bxg6 Rxg4 46. Bf5
Rxh4 47. a6 Ra4 48. Bc8 Ra3 49. a7 Rxa7 50. Kxe3 Kg7 0-1

[Event "BL 8081 Porz-Zähringen"]
[Site "?"]
[Date "1981.??.??"]
[Round "?.1"]
[White "Huebner, R."]
[Black "Herbrechtsmeier, C."]
[Result "1-0"]
[WhiteElo "2635"]
[BlackElo "2350"]
[PlyCount "89"]
[EventDate "1981.??.??"]

1. c4 e5 2. Nc3 Nc6 3. g3 g6 4. Bg2 Bg7 5. Rb1 d6 6. b4 Bf5 7. d3 Qd7 8. b5 Nd8
9. e4 Bg4 10. f3 Be6 11. Nge2 Bh3 12. Bxh3 Qxh3 13. Nd5 Qd7 14. Qa4 a5 15. O-O
Ne6 16. f4 exf4 17. gxf4 f5 18. Bb2 Nh6 19. e5 O-O 20. d4 dxe5 21. dxe5 c6 22.
bxc6 bxc6 23. Ba3 Rf7 24. Nb6 Qd3 25. Qxc6 Qxa3 26. Qxa8+ Bf8 27. Kh1 Ng4 28.
Qf3 Qxa2 29. Ra1 Qb2 30. Rfb1 Qc2 31. Rc1 Qb2 32. Na4 Qd2 33. Rd1 Qc2 34. h3
Qxc4 35. hxg4 fxg4 36. Qd3 Qc6+ 37. Qd5 Qc2 38. Ra2 Qf5 39. Rf1 Qh5+ 40. Kg1
Qh3 41. Qxe6 Qe3+ 42. Rf2 g3 43. Nxg3 Qxg3+ 44. Kh1 Qh3+ 45. Qxh3 1-0

[Event "BL 8081 Porz-Zähringen"]
[Site "?"]
[Date "1981.??.??"]
[Round "?.6"]
[White "Kiefer, G."]
[Black "Troeger, P."]
[Result "0-1"]
[WhiteElo "2240"]
[BlackElo "2330"]
[PlyCount "100"]
[EventDate "1981.??.??"]

1. e4 e6 2. d4 d5 3. Nc3 Nf6 4. Bg5 dxe4 5. Nxe4 Be7 6. Bxf6 Bxf6 7. Nf3 Bd7 8.
Bd3 Bc6 9. c3 Bxe4 10. Bxe4 c6 11. Qc2 h6 12. O-O-O Qc7 13. Kb1 Nd7 14. c4
O-O-O 15. Rd3 Nb6 16. Rhd1 Kb8 17. Ra3 c5 18. Rad3 Rc8 19. d5 exd5 20. Bxd5
Rhe8 21. R3d2 Rcd8 22. Be4 Rxd2 23. Rxd2 Rd8 24. Rxd8+ Qxd8 25. Nd2 Qd4 26. Nb3
Qe5 27. Na5 Qxh2 28. a3 Qe5 29. Ka2 Na4 30. Bxb7 Qxb2+ 31. Qxb2 Nxb2 32. Bd5
Kc7 33. Bxf7 Nd3 34. Bd5 Nxf2 35. Nb3 Kd6 36. a4 Nd1 37. Bf3 Ne3 38. Na5 Kc7
39. Kb3 g5 40. Nc6 g4 41. Be4 a6 42. Na5 h5 43. Ka2 h4 44. Nb3 Kd6 45. Nd2 Bc3
46. Nb3 Nxc4 47. Nc1 Ne3 48. Ne2 Bb4 49. Kb3 a5 50. Bb7 Ke5 0-1

[Event "BL 8081 Mainz-Porz"]
[Site "?"]
[Date "1981.??.??"]
[Round "?.1"]
[White "Werner, D."]
[Black "Huebner, R."]
[Result "1-0"]
[WhiteElo "2345"]
[BlackElo "2635"]
[PlyCount "149"]
[EventDate "1981.??.??"]

1. d4 Nf6 2. Nf3 g6 3. g3 Bg7 4. Bg2 O-O 5. O-O d6 6. c4 Nc6 7. Nc3 a6 8. d5
Na5 9. b3 c5 10. Bb2 Rb8 11. Nd2 b5 12. Qc2 e5 13. e4 Nh5 14. Nd1 Rb7 15. f4
bxc4 16. fxe5 cxb3 17. axb3 dxe5 18. Bc3 Rb5 19. Rf2 Nb7 20. Nc4 Nd6 21. Nxe5
Qb6 22. Nc4 Nxc4 23. bxc4 Rb3 24. Bxg7 Nxg7 25. Nb2 Qb4 26. Nd3 Qc3 27. Qxc3
Rxc3 28. Nxc5 Rxc4 29. Nxa6 Re8 30. Nb8 f5 31. exf5 Nxf5 32. Nc6 Bd7 33. Ra7
Bxc6 34. dxc6 Re1+ 35. Rf1 Rxf1+ 36. Kxf1 Rc1+ 37. Ke2 Rc2+ 38. Kd3 Rxg2 39.
Rd7 Rg1 40. c7 Rd1+ 41. Ke2 Rc1 42. Rd8+ Kg7 43. c8=Q Rxc8 44. Rxc8 h5 45. Kf3
Ne7 46. Ra8 Kf6 47. Ke4 Kg5 48. Kf3 Nc6 49. Ra6 Nd4+ 50. Ke4 Nf5 51. Rb6 Ne7
52. Ke5 h4 53. gxh4+ Kh5 54. Rb7 Nf5 55. Kf4 Kh6 56. h5 Ng7 57. hxg6 Kxg6 58.
Kg4 Nh5 59. Rb6+ Nf6+ 60. Kf4 Kg7 61. Ra6 Nh7 62. Kf5 Nf8 63. h3 Nh7 64. Rb6
Nf8 65. Ra6 Nh7 66. h4 Nf8 67. Rb6 Nh7 68. Ra6 Nf8 69. h5 Kg8 70. Ra7 Nh7 71.
h6 Nf8 72. Rg7+ Kh8 73. Kf6 Ne6 74. Re7 Nf4 75. Re4 1-0

[Event "BL 8081 Zähringen-Bochum"]
[Site "?"]
[Date "1981.??.??"]
[Round "?.1"]
[White "Herbrechtsmeier, C."]
[Black "Borik, O."]
[Result "0-1"]
[WhiteElo "2350"]
[BlackElo "2390"]
[PlyCount "56"]
[EventDate "1981.??.??"]

1. e4 c5 2. Nf3 d6 3. d4 cxd4 4. Nxd4 Nf6 5. Nc3 Nc6 6. Bc4 e6 7. O-O Be7 8. a3
O-O 9. Ba2 Nxd4 10. Qxd4 b6 11. Bg5 h6 12. Bh4 Bb7 13. Rad1 Rc8 14. Rd2 Rxc3
15. bxc3 Nxe4 16. Bxe7 Qxe7 17. Rd3 d5 18. Qb4 Qc7 19. Re1 Rc8 20. c4 a5 21.
Qb5 Nd6 22. Qb1 dxc4 23. Rd4 Qc6 24. Rg4 h5 25. Rg3 Nf5 26. Rf3 Nh4 27. Rg3
Nxg2 28. Re5 Nf4 0-1

[Event "BL 8081 Zähringen-Bochum"]
[Site "?"]
[Date "1981.??.??"]
[Round "?.6"]
[White "Paulsen, D."]
[Black "Kiefer, G."]
[Result "0-1"]
[WhiteElo "2240"]
[BlackElo "2240"]
[PlyCount "79"]
[EventDate "1981.??.??"]

1. e4 c5 2. Nf3 e6 3. b3 Nc6 4. Bb2 d6 5. d4 cxd4 6. Nxd4 Nf6 7. Nxc6 bxc6 8.
e5 Ne4 9. exd6 Bxd6 10. Bd3 Be5 11. Bxe5 Qa5+ 12. Kf1 Qxe5 13. Na3 Nxf2 14.
Kxf2 Qc5+ 15. Kg3 Qxa3 16. Be4 Qc5 17. Qd3 f5 18. Bf3 O-O 19. Be2 Kh8 20. h3
Qe5+ 21. Kf2 Qf4+ 22. Qf3 Qd4+ 23. Qe3 Qf6 24. Rhd1 e5 25. Qc5 e4 26. Rd4 f4
27. Rxe4 Bxh3 28. Qd4 Qh4+ 29. Kg1 Bxg2 30. Kxg2 Qg3+ 31. Kh1 Rf6 32. Bh5 Qh4+
33. Kg1 Qxh5 34. Rxf4 Rg6+ 35. Kf1 Re8 36. Qe4 Qh3+ 37. Kf2 Qg3+ 38. Kf1 Qg1+
39. Ke2 Rxe4+ 40. Rxe4 0-1

[Event "BL 8081 Mainz-HSK"]
[Site "?"]
[Date "1981.??.??"]
[Round "?.1"]
[White "Werner, D."]
[Black "Chandler, M."]
[Result "0-1"]
[WhiteElo "2345"]
[BlackElo "2455"]
[PlyCount "110"]
[EventDate "1981.??.??"]

1. e4 c6 2. d4 d5 3. exd5 cxd5 4. Bd3 Nc6 5. c3 g6 6. h3 Bg7 7. Nf3 Nh6 8. Ne5
O-O 9. O-O f6 10. Nxc6 bxc6 11. Re1 Nf7 12. Nd2 e5 13. Qa4 Qc7 14. Nb3 e4 15.
Ba6 f5 16. Bxc8 Rfxc8 17. c4 f4 18. cxd5 cxd5 19. Bd2 e3 20. Rec1 Qe7 21. fxe3
fxe3 22. Bb4 Qb7 23. Rxc8+ Rxc8 24. Re1 Bh6 25. Nc5 Qc7 26. Qa6 Re8 27. Qa4 Rc8
28. Qa6 Rb8 29. a3 Qg3 30. Nd7 Rd8 31. Qe6 Qf2+ 32. Kh1 Qf5 33. Nf6+ Kg7 34.
Ne8+ Kh8 35. Qe7 Rd7 36. Qf6+ Qxf6 37. Nxf6 Rd8 38. Ng4 Re8 39. Nxh6 Nxh6 40.
g4 Re4 41. Kg2 Nf7 42. Kg3 Kg7 43. h4 Nh6 44. Bd6 Nxg4 45. Bf4 h5 46. Kf3 Rxd4
47. Bxe3 Rd3 48. Kf4 Rxe3 49. Rxe3 Nxe3 50. Kxe3 Kf6 51. Kd4 g5 52. hxg5+ Kxg5
53. Kxd5 h4 54. Ke4 Kg4 55. Ke3 Kg3 0-1

[Event "BL 8081 Mainz-HSK"]
[Site "?"]
[Date "1981.??.??"]
[Round "?.5"]
[White "Bockius, A."]
[Black "Gruenberg, Ra"]
[Result "0-1"]
[WhiteElo "2235"]
[BlackElo "2260"]
[PlyCount "56"]
[EventDate "1981.??.??"]

1. Nf3 c5 2. g3 Nc6 3. Bg2 g6 4. O-O Bg7 5. e4 e5 6. d3 Nge7 7. Be3 d6 8. c3
O-O 9. h3 h6 10. Nh2 f5 11. f4 exf4 12. gxf4 Be6 13. Nd2 Qd7 14. Rf3 b6 15. Bf2
Rae8 16. a3 d5 17. e5 d4 18. c4 g5 19. fxg5 Nxe5 20. gxh6 Nxf3+ 21. Bxf3 Bxh6
22. Kh1 Qd6 23. Ndf1 Ng6 24. Ng3 Nh4 25. Bh5 Qc6+ 26. Nf3 Bf7 27. Ne4 Bxh5 28.
Bxh4 fxe4 0-1

[Event "BL 8081 Zähringen-FH Hamburg"]
[Site "?"]
[Date "1981.??.??"]
[Round "?.1"]
[White "Herbrechtsmeier, C."]
[Black "Wockenfuss, K."]
[Result "1/2-1/2"]
[WhiteElo "2350"]
[BlackElo "2380"]
[PlyCount "101"]
[EventDate "1981.??.??"]

1. e4 c5 2. Nf3 e6 3. d4 cxd4 4. Nxd4 Nf6 5. Nc3 d6 6. g3 Be7 7. Bg2 O-O 8. O-O
Nc6 9. Re1 Bd7 10. Nce2 Rc8 11. Nxc6 bxc6 12. c4 Qb6 13. Nc3 c5 14. Qe2 Bc6 15.
Bf4 Bb7 16. Rad1 Rfd8 17. Rd3 Nd7 18. Red1 Ne5 19. Bxe5 dxe5 20. b3 Bc6 21. Qc2
h6 22. Ne2 Rxd3 23. Rxd3 Qb7 24. f3 Rd8 25. Rxd8+ Bxd8 26. Qd3 Be7 27. Kf2 Qc7
28. Bf1 Bg5 29. Nc3 a6 30. Nd1 h5 31. Be2 h4 32. Nc3 g6 33. Bf1 Be7 34. Be2 Kg7
35. Bf1 Qb8 36. Ne2 f5 37. Bg2 hxg3+ 38. hxg3 f4 39. Bh3 fxg3+ 40. Nxg3 Kf6 41.
Kg2 Qb4 42. Kf1 Qa3 43. Qc2 Bf8 44. Nh1 Bh6 45. Nf2 Bf4 46. Ke2 Qa5 47. Nd3 Qb6
48. Nxf4 exf4 49. Qd2 Qc7 50. Bg4 g5 51. Qc3+ 1/2-1/2

[Event "BL 8081 Zähringen-FH Hamburg"]
[Site "?"]
[Date "1981.??.??"]
[Round "?.6"]
[White "Cording, H."]
[Black "Kiefer, G."]
[Result "1-0"]
[WhiteElo "2340"]
[BlackElo "2240"]
[PlyCount "77"]
[EventDate "1981.??.??"]

1. d4 Nf6 2. c4 e6 3. Nf3 b6 4. g3 Bb7 5. Bg2 Be7 6. O-O O-O 7. Nc3 Ne4 8. Qc2
Nxc3 9. Qxc3 c5 10. Be3 d6 11. Rfd1 Qc7 12. Rac1 Nd7 13. Ne1 Bxg2 14. Nxg2 Nf6
15. Qd3 Rfd8 16. d5 e5 17. Bd2 Qd7 18. e4 g6 19. Rf1 Qh3 20. f3 Bf8 21. Ne3 Bh6
22. a3 Rf8 23. b4 Rae8 24. bxc5 bxc5 25. Rb1 Re7 26. Rb3 Bxe3+ 27. Qxe3 Nh5 28.
Qg5 Qd7 29. Rfb1 f6 30. Qg4 Qa4 31. Bh6 Rfe8 32. Rb8 Qc2 33. R1b7 Qd1+ 34. Kg2
Qe2+ 35. Kh3 Qf1+ 36. Kh4 Qf2 37. h3 Nf4 38. Bxf4 exf4 39. Rxe7 1-0

[Event "BL 8081 HSK-Zähringen"]
[Site "?"]
[Date "1981.??.??"]
[Round "?.5"]
[White "Gruenberg, Ra"]
[Black "Kiefer, G."]
[Result "1-0"]
[WhiteElo "2260"]
[BlackElo "2240"]
[PlyCount "65"]
[EventDate "1981.??.??"]

1. c4 e5 2. Nc3 Nf6 3. Nf3 Nc6 4. e3 Bb4 5. Qc2 d6 6. Nd5 Bc5 7. a3 a5 8. b3
O-O 9. Bb2 Ba7 10. Bd3 h6 11. Nxf6+ Qxf6 12. O-O Bg4 13. Be4 Qe7 14. d4 exd4
15. Nxd4 Bxd4 16. exd4 Rfe8 17. f3 Bd7 18. Rae1 Qh4 19. Qc3 f6 20. f4 Qh5 21.
Qd3 f5 22. Bf3 Qg6 23. d5 Ne7 24. Qc3 Qf7 25. Bh5 Ng6 26. Qg3 Kh7 27. Rf3 Re4
28. Qxg6+ Qxg6 29. Bxg6+ Kxg6 30. Rg3+ Kh5 31. Rxe4 fxe4 32. Rxg7 Bf5 33. h3
1-0